00481nam a22001577a 450000500170000001000130001702000250003003500130005503700090006808200110007710000180008824500510010626000520015727000800020930000340028920210405124759.0 aB-738725 a9789350864494c60.00 aB-738725 bGift a954.16 aSharma, Y.D.  aDelhi and its neighbourhood /cby Y. D. Sharma aNew DelhibArchaeological Survey of Indiac2015 aDirector General, Archaeological Survey of India, Govt. of IndiabNew Delhi a164p.:bill.,maps.c22cm(pbk)